|
|
|
|
| LEADER |
00000nam a2200000 a 4500 |
| 001 |
vtls011615890 |
| 003 |
SK-MaSNL |
| 005 |
20260504113536.0 |
| 008 |
240313s2014 xo e np 000 0 slo |
| 015 |
|
|
|a SNBA2017/03
|
| 020 |
|
|
|a 9788089732401
|q (brož.)
|
| 035 |
|
|
|a urn:nbn:sk:snk-am00c494
|
| 035 |
|
|
|a urn:nbn:sk:snk-am3hdum
|
| 035 |
|
|
|a 08272EA0-2F5C-499E-8CAA-2A5CEC1004FF
|
| 040 |
|
|
|a SNK
|b slo
|c SNK
|e AACR2
|
| 041 |
0 |
|
|a slo
|
| 044 |
|
|
|a xo
|c SK
|
| 072 |
|
7 |
|a 005
|x Manažment. Riadenie
|2 konspekt
|
| 080 |
|
|
|a 005
|2 2011
|
| 080 |
|
|
|a 159.913
|2 2011
|
| 080 |
|
|
|a (075)
|2 2011
|
| 080 |
|
|
|a 005.5
|2 2011
|
| 100 |
1 |
|
|a Birknerová, Zuzana,
|d 1970-
|4 aut
|9 178148
|
| 245 |
1 |
0 |
|a Zvládanie záťažových situácií
|c Zuzana Birknerová
|
| 260 |
|
|
|a Dubnica nad Váhom
|b Dubnický technologický inštitút
|c [2014]
|
| 300 |
|
|
|a 80 s.
|c 21 cm
|
| 490 |
1 |
|
|a Vysokoškolské učebné texty
|v 11/2015
|
| 500 |
|
|
|a Názov z obalu
|
| 504 |
|
|
|a Bibliogr.: s. 70-80
|
| 650 |
0 |
7 |
|a manažment
|2 SNKPH
|9 922
|
| 650 |
0 |
7 |
|a Management
|2 SNKPHeng
|9 265406
|
| 650 |
0 |
7 |
|a zvládanie stresu
|2 SNKPH
|9 4283
|
| 650 |
0 |
7 |
|a Stress management
|2 SNKPHeng
|9 323474
|
| 650 |
0 |
7 |
|a manažment procesov
|2 SNKPH
|9 79020
|
| 650 |
0 |
7 |
|a Process management
|2 SNK
|9 316258
|
| 655 |
|
7 |
|a učebné texty
|2 SNKPH
|9 70568
|
| 655 |
|
7 |
|a Educational texts
|2 SNKPHeng
|9 277375
|
| 830 |
|
0 |
|a Vysokoškolské učebné texty
|9 276539
|
| 919 |
|
|
|a 978-80-89732-40-1
|
| 958 |
|
|
|a NB
|
| 999 |
|
|
|c 591413
|d 593343
|
| 952 |
|
|
|a SNK
|b SNK
|y PREZ
|7 0
|p 17A1254661
|o snkSC 173546
|i snk2017/6118
|8 0
|0 0
|1 0
|4 0
|d 2017-03-06
|f 1
|l 0
|r 2025-09-11 00:00:00
|w 2026-02-23
|
| 952 |
|
|
|a SNK
|b SNK
|y VYP
|7 0
|p 17A1254662
|o snkSC 173546 D1
|i snk2017/6119
|8 0
|0 0
|1 0
|4 0
|d 2017-03-06
|l 0
|r 2026-02-23 15:24:50
|w 2026-02-23
|